000 00713nam a22002417a 4500
003 UA-OsUOA
001 42986
007 ta
008 20061204b un ||||| |||| 00| 0 ukr d
100 _aКазанская В. Г.
090 _a159.922.6+37.015.3
_bК14
942 _cBK
040 _aUA-OsUOA
_brus
_cUA-OsUOA
_dUA-OsUOA
245 _aПодросток. Трудности взросления: книга для психологов, педагогов, родителей
300 _a240 с.
955 _a2
041 _arus
080 _a159.922.6+37.015.3
020 _a5-469-00774-Х
260 _aСПб
_bПитер
_c2006
650 7 _a159.9 Психологія
_2UDC
999 _c329113
_d329113